The Freud journal of Lou Andreas-Salome /

Bibliographic Details
Main Author: Andreas-Salomé, Lou, 1861-1937
Format: Book
Language:English
Published: New York : Basic Books, [1964]
Subjects:

MARC

Tag First Indicator Second Indicator Subfields
LEADER 00000cam a2200000 4500
001 in00000061979
005 20151008051108.0
008 740517s1964 nyu b 00010 eng
010 |a  64023130  
035 |a (OCoLC)00890080 
035 |9 AAG5691AM 
040 |a DLC  |c TOL  |d OCL  |d TXA  |d UtOrBLW 
049 |a TXAM  |c [412583] 
050 0 0 |a BF173.F85  |b A53 
082 0 |a 131.346 
092 |a 150.195  |b A557f 
100 1 |a Andreas-Salomé, Lou,  |d 1861-1937. 
245 1 4 |a The Freud journal of Lou Andreas-Salome /  |c Translated and with an introd. by Stanley A. Leavy. 
264 1 |a New York :  |b Basic Books,  |c [1964] 
300 |a 211 pages ;  |c 22 cm. 
336 |a text  |b txt  |2 rdacontent 
337 |a unmediated  |b n  |2 rdamedia 
338 |a volume  |b nc  |2 rdacarrier 
500 |a Translation of In der Schule bei Freud. 
504 |a Bibliographical references included in "Notes" (pages [194]-205). 
600 1 0 |a Freud, Sigmund,  |d 1856-1939. 
650 0 |a Psychoanalysis. 
999 |a MARS 
999 f f |s 17a98d20-86ba-3a6a-83c1-929b816ce46f  |i 220c6d4d-1a75-34db-bf59-894f2b808f5e  |t 0 
952 f f |p ric  |a Texas A&M University  |b Rellis Campus  |c Joint Library Facility  |d Remote Storage  |t 0  |e BF173.F85 A53  |h Library of Congress classification  |i unmediated -- volume  |m A14800523356 
998 f f |a BF173.F85 A53  |t 0  |l Remote Storage